000
00308nam a2200145Ia 4500
008
100122s9999 xx 000 0 und d
082
_b
42603
_a
823
100
_a
MILLER REX
245
_a
SLOB
260
_b
PAN BOOKS LIMITED
_c
1988
300
_a
301
630
_a
SLOB
730
_a
SLOB
942
_c
BOOK
999
_c
372828
_d
372825